[Event "FIDE WRBTC Blitz-Pool 2024"]
[Site "Astana"]
[Date "2024.08.05"]
[Round "2.6"]
[White "Al Maamari, Wafia Darwish"]
[Black "Allam, Yara"]
[Result "1/2-1/2"]
[WhiteElo "1925"]
[BlackElo "1920"]
[Annotator "ChessBase"]
[PlyCount "146"]
[EventDate "2024.08.01"]
[EventType "team-tourn"]
[EventCountry "KAZ"]
[SourceTitle "playchess.com"]
[Source "ChessBase"]
[SourceQuality "1"]

1. Nf3 d5 2. b3 Nf6 3. Bb2 c6 4. c4 Bf5 5. g3 e6 6. Bg2 Be7 7. O-O O-O 8. d3 h6 9. Nbd2 Nbd7 10. Rc1 Rc8 11. Qc2 Re8 12. a3 Bf8 13. b4 a5 14. Qb3 axb4 15. axb4 Ra8 16. Ra1 Qc7 17. Rfc1 Qb6 18. c5 Qc7 19. Nf1 e5 20. Ne3 Be6 21. Qc2 e4 22. Nd4 exd3 23. Qxd3 Ne5 24. Qc2 Bd7 25. Nf3 Ng6 26. Bd4 Ne4 27. Nd2 f5 28. Bh3 Qc8 29. Ng2 Rxa1 30. Rxa1 Ne5 31. Qb2 Nxd2 32. Qxd2 Nc4 33. Qc2 Be6 34. Nf4 Qd7 35. e3 Bf7 36. Qc3 g5 37. Ne2 Bg6 38. Bg2 Bg7 39. Bxg7 Qxg7 40. Qxg7+ Kxg7 41. Ra7 Re7 42. b5 Ne5 43. bxc6 Nxc6 44. Ra1 Rd7 45. Rd1 Bf7 46. Nc3 Ne7 47. Rd4 Rc7 48. Nxd5 Nxd5 49. Bxd5 Rxc5 50. Bxf7 Kxf7 51. Rd7+ Kg6 52. Rxb7 Kh5 53. Kg2 Rc2 54. Rb5 Kg6 55. h3 Kg7 56. Kf3 Kg6 57. Rb6+ Kg7 58. Ra6 Rd2 59. g4 fxg4+ 60. hxg4 Rc2 61. Kg3 Re2 62. Re6 Rc2 63. f4 gxf4+ 64. exf4 Rc3+ 65. Kh4 Rf3 66. f5 Rf1 67. Ra6 Rh1+ 68. Kg3 Rg1+ 69. Kf4 Rf1+ 70. Ke3 Rg1 71. Ra4 Kf6 72. Kf3 Rf1+ 73. Kg3 Rg1+ 1/2-1/2

[Event "FIDE WRBTC Blitz-Pool 2024"]
[Site "Astana"]
[Date "2024.08.05"]
[Round "2.6"]
[White "Atbailar, Anuar"]
[Black "Rosenstein, Wadim"]
[Result "0-1"]
[WhiteElo "1456"]
[BlackElo "1887"]
[Annotator "NA"]
[PlyCount "74"]
[EventDate "2024.08.01"]
[EventType "team-tourn"]
[EventCountry "KAZ"]
[SourceTitle "playchess.com"]
[Source "ChessBase"]
[SourceQuality "1"]

1. e4 c5 2. c4 Nc6 3. Nc3 g6 4. g3 Bg7 5. Bg2 d6 6. Nge2 e6 7. d3 h6 8. O-O Nge7 9. h3 O-O 10. Kh2 Rb8 11. Rb1 a6 12. a4 Bd7 13. f4 Qc7 14. Be3 f5 15. e5 dxe5 16. Bxc5 exf4 17. Nxf4 Kh7 18. Bxc6 Bxc6 19. Nxe6 Qd7 20. Nxf8+ Rxf8 21. Re1 Rf7 22. d4 Be4 23. Nxe4 fxe4 24. d5 Nf5 25. Rxe4 Qc7 26. Bf2 Nd6 27. Re2 Qxc4 28. Rc1 Qb4 29. Kg1 Nf5 30. Qd3 Qd6 31. g4 Ne7 32. Bg3 Qd7 33. Re6 Nxd5 34. Qxg6+ Kh8 35. Rd1 Qxa4 36. Re8+ Qxe8 37. Rxd5 Qe3+ 0-1

[Event "FIDE WRBTC Blitz-Pool 2024"]
[Site "Astana"]
[Date "2024.08.05"]
[Round "2.7"]
[White "Tin, Jingyao"]
[Black "Tologon tegin, Semetei"]
[Result "1-0"]
[WhiteElo "2575"]
[BlackElo "2337"]
[Annotator "ChessBase"]
[PlyCount "109"]
[EventDate "2024.08.01"]
[EventType "team-tourn"]
[EventCountry "KAZ"]
[SourceTitle "playchess.com"]
[Source "ChessBase"]
[SourceQuality "1"]

1. d4 Nf6 2. c4 e6 3. Nc3 Bb4 4. e3 O-O 5. Bd3 d5 6. a3 Bxc3+ 7. bxc3 dxc4 8. Bxc4 c5 9. Ne2 Qc7 10. Ba2 e5 11. d5 c4 12. Bb1 Nbd7 13. e4 Nc5 14. Ng3 b5 15. Bc2 Bd7 16. O-O Ne8 17. f4 f6 18. fxe5 fxe5 19. Rxf8+ Kxf8 20. Be3 Kg8 21. Nh5 g6 22. Ng3 Nd6 23. Qe2 Rf8 24. Rf1 Rf7 25. Rxf7 Nxf7 26. Qf2 Nd3 27. Qf6 Bc8 28. h4 a6 29. Qf1 h5 30. Bxd3 cxd3 31. Qxd3 Nd6 32. Bg5 Nc4 33. Kh2 Nxa3 34. d6 Qf7 35. Be7 Qe6 36. Nf1 Nc4 37. Ne3 Nxe3 38. Qxe3 Kg7 39. Qf2 Qf7 40. Qa7 Bg4 41. Kg1 a5 42. Qxa5 Be2 43. Qa1 Qe6 44. Qe1 Bg4 45. Qd2 Qc8 46. Kh1 Bd7 47. Qg5 Qc4 48. Qf6+ Kh7 49. Bf8 Qg8 50. Qe7+ Kh8 51. Qxe5+ Kh7 52. Qe7+ Kh8 53. Bh6 Bg4 54. d7 Bxd7 55. Qxd7 1-0

[Event "FIDE WRBTC Blitz-Pool 2024"]
[Site "Astana"]
[Date "2024.08.05"]
[Round "2.7"]
[White "Isanzhulov, Arystan"]
[Black "Yermekov, Kairat"]
[Result "1-0"]
[WhiteElo "2401"]
[BlackElo "2076"]
[Annotator "ChessBase"]
[PlyCount "33"]
[EventDate "2024.08.01"]
[EventType "team-tourn"]
[EventCountry "KAZ"]
[SourceTitle "playchess.com"]
[Source "ChessBase"]
[SourceQuality "1"]

1. e4 e6 2. d3 d5 3. Qe2 Nf6 4. Nf3 Be7 5. g3 c5 6. Bg2 Nc6 7. O-O O-O 8. e5 Nd7 9. c4 Nb6 10. Rd1 Qc7 11. Nc3 a6 12. Bf4 Nd4 13. Nxd4 cxd4 14. cxd5 dxc3 15. d6 Bxd6 16. exd6 Qc5 17. bxc3 1-0

[Event "FIDE WRBTC Blitz-Pool 2024"]
[Site "Astana"]
[Date "2024.08.05"]
[Round "2.7"]
[White "Malyi, Viacheslav"]
[Black "Akhmedinov, Satbek"]
[Result "0-1"]
[WhiteElo "2391"]
[BlackElo "2379"]
[Annotator "ChessBase"]
[PlyCount "66"]
[EventDate "2024.08.01"]
[EventType "team-tourn"]
[EventCountry "KAZ"]
[SourceTitle "playchess.com"]
[Source "ChessBase"]
[SourceQuality "1"]

1. e4 c5 2. Nf3 Nc6 3. d4 cxd4 4. Nxd4 Nf6 5. Nc3 e5 6. Ndb5 d6 7. a4 a6 8. Na3 Be6 9. Bc4 Be7 10. O-O O-O 11. Bg5 Rc8 12. Bxf6 Bxf6 13. Nd5 Bg5 14. c3 Kh8 15. Qe2 f5 16. f3 Qe8 17. Nb6 Rd8 18. Bxe6 Qxe6 19. Nac4 Rde8 20. Rad1 Bd8 21. Nd5 f4 22. Rd2 Qh6 23. Ndb6 Re6 24. Rfd1 Bc7 25. Nd5 Bb8 26. b4 b5 27. Ncb6 bxa4 28. Qxa6 Qh5 29. Qxa4 Nd8 30. Nd7 Rh6 31. h3 Qe8 32. N5b6 Bc7 33. Nxf8 Bxb6+ 0-1

[Event "FIDE WRBTC Blitz-Pool 2024"]
[Site "Astana"]
[Date "2024.08.05"]
[Round "2.8"]
[White "Aitbayev, Aslan"]
[Black "Altynbekuly, Madiyar"]
[Result "1-0"]
[WhiteElo "2380"]
[BlackElo "2114"]
[Annotator "ChessBase"]
[PlyCount "49"]
[EventDate "2024.08.01"]
[EventType "team-tourn"]
[EventCountry "KAZ"]
[SourceTitle "playchess.com"]
[Source "ChessBase"]
[SourceQuality "1"]

1. e4 e6 2. d4 d5 3. Nd2 c5 4. Ngf3 Nf6 5. exd5 Nxd5 6. Bb5+ Bd7 7. Bxd7+ Nxd7 8. O-O Be7 9. c4 N5f6 10. Nb3 O-O 11. Qe2 Qc7 12. Bg5 h6 13. Bh4 Rfe8 14. Rad1 Rac8 15. Bg3 Qb6 16. Ne5 cxd4 17. Nxd4 Nxe5 18. Bxe5 a6 19. b3 Nd7 20. Bg3 Red8 21. Nf5 Bf8 22. Nd6 Bxd6 23. Rxd6 Qa5 24. Rfd1 Nf6 25. b4 1-0

[Event "FIDE WRBTC Blitz-Pool 2024"]
[Site "Astana"]
[Date "2024.08.05"]
[Round "2.8"]
[White "Markov, Mikhail"]
[Black "Jumabayev, Rinat"]
[Result "0-1"]
[WhiteElo "2255"]
[BlackElo "2577"]
[Annotator "ChessBase"]
[PlyCount "30"]
[EventDate "2024.08.01"]
[EventType "team-tourn"]
[EventCountry "KAZ"]
[SourceTitle "playchess.com"]
[Source "ChessBase"]
[SourceQuality "1"]

1. c4 e6 2. Nf3 d5 3. g3 d4 4. Bg2 Nh6 5. O-O Nc6 6. d3 Nf5 7. e3 dxe3 8. fxe3 e5 9. g4 Nh4 10. Nxh4 Qxh4 11. h3 e4 12. Nc3 h5 13. Nd5 Bd6 14. g5 Bxh3 15. Qe2 Bg4 0-1

[Event "FIDE WRBTC Blitz-Pool 2024"]
[Site "Astana"]
[Date "2024.08.05"]
[Round "2.8"]
[White "Sadybekov, Adilzhan"]
[Black "Ismagambetov, Anuar"]
[Result "0-1"]
[WhiteElo "1674"]
[BlackElo "2520"]
[Annotator "ChessBase"]
[PlyCount "60"]
[EventDate "2024.08.01"]
[EventType "team-tourn"]
[EventCountry "KAZ"]
[SourceTitle "playchess.com"]
[Source "ChessBase"]
[SourceQuality "1"]

1. d4 Nf6 2. Nf3 g6 3. Bg5 Bg7 4. Nbd2 O-O 5. e4 d5 6. e5 Ne4 7. Nxe4 dxe4 8. Bc4 exf3 9. Qxf3 Qxd4 10. Be2 Qxe5 11. Bh4 Nc6 12. O-O Bf5 13. Rfe1 Qxb2 14. Rab1 Qc3 15. Rxb7 Qxe1+ 16. Bf1 Nd4 17. Qe3 Qxe3 18. fxe3 Nxc2 19. Kf2 Rab8 20. Rxc7 Rb2 21. Bxe7 Re8 22. Be2 Nxe3 23. Kxe3 Bf6 24. Kf3 Rxe7 25. Rc8+ Bxc8 26. Bc4 Bb7+ 27. Kf4 Re4+ 28. Kf3 Rxc4+ 29. Ke3 Rc3+ 30. Kf4 Rb4# 0-1

[Event "FIDE WRBTC Blitz-Pool 2024"]
[Site "Astana"]
[Date "2024.08.05"]
[Round "2.9"]
[White "Siddharth, Jagadeesh"]
[Black "Zheenbekov, Nurgazy"]
[Result "1-0"]
[WhiteElo "2516"]
[BlackElo "2124"]
[Annotator "ChessBase"]
[PlyCount "65"]
[EventDate "2024.08.01"]
[EventType "team-tourn"]
[EventCountry "KAZ"]
[SourceTitle "playchess.com"]
[Source "ChessBase"]
[SourceQuality "1"]

1. e4 c6 2. d4 d5 3. exd5 cxd5 4. c4 Nf6 5. Nc3 e6 6. Nf3 Bb4 7. cxd5 Nxd5 8. Bd2 O-O 9. Bd3 Nc6 10. O-O Bd6 11. a3 Nce7 12. Qe2 Ng6 13. g3 b6 14. h4 Bb7 15. h5 Nxc3 16. bxc3 Ne7 17. h6 g6 18. Bg5 Rc8 19. c4 Qd7 20. Ne5 Qc7 21. Ng4 Nf5 22. d5 Nd4 23. Qe4 e5 24. Bf6 Nb3 25. Rad1 Nc5 26. Qf3 Rfe8 27. Bg7 f5 28. Nf6+ Kf7 29. Bxf5 gxf5 30. Qxf5 Qe7 31. Nxh7+ Kg8 32. Nf6+ Kf7 33. Qh5# 1-0

[Event "FIDE WRBTC Blitz-Pool 2024"]
[Site "Astana"]
[Date "2024.08.05"]
[Round "2.9"]
[White "Sapenov, Daniyal"]
[Black "Shevchenko, Alexandr"]
[Result "1-0"]
[WhiteElo "2311"]
[BlackElo "1814"]
[Annotator "ChessBase"]
[PlyCount "36"]
[EventDate "2024.08.01"]
[EventType "team-tourn"]
[EventCountry "KAZ"]
[SourceTitle "playchess.com"]
[Source "ChessBase"]
[SourceQuality "1"]

1. e4 e5 2. Nf3 Nc6 3. Bb5 a6 4. Ba4 d6 5. O-O Bg4 6. Bxc6+ bxc6 7. h3 h5 8. d4 Bxf3 9. Qxf3 exd4 10. e5 d5 11. Re1 Bb4 12. Bd2 Qe7 13. a3 Bxd2 14. Nxd2 O-O-O 15. Qd3 Kb7 16. b4 f6 17. Nb3 fxe5 18. Nc5+ Kb8 1-0

[Event "FIDE WRBTC Blitz-Pool 2024"]
[Site "Astana"]
[Date "2024.08.05"]
[Round "2.9"]
[White "Kozhabekov, Adilkhan"]
[Black "Akhmetov, Ayan"]
[Result "0-1"]
[WhiteElo "1855"]
[BlackElo "2380"]
[Annotator "ChessBase"]
[PlyCount "92"]
[EventDate "2024.08.01"]
[EventType "team-tourn"]
[EventCountry "KAZ"]
[SourceTitle "playchess.com"]
[Source "ChessBase"]
[SourceQuality "1"]

1. d4 Nf6 2. Nf3 e6 3. Bg5 d5 4. Nbd2 c5 5. e3 cxd4 6. exd4 Be7 7. Bd3 Qb6 8. Rb1 Bd7 9. O-O Bb5 10. Qe2 Bxd3 11. Qxd3 Nc6 12. c3 O-O 13. Ne5 Rfe8 14. Bxf6 Bxf6 15. Nd7 Qd8 16. Nxf6+ Qxf6 17. Nf3 a6 18. Rfe1 Rec8 19. Ne5 Nxe5 20. Rxe5 b5 21. Rbe1 Rc4 22. g3 g6 23. h4 a5 24. h5 b4 25. R1e3 bxc3 26. bxc3 a4 27. Rf3 Qg7 28. g4 Rac8 29. Qd2 Rb8 30. h6 Qf8 31. Rxe6 fxe6 32. Rxf8+ Rxf8 33. Qe3 Kf7 34. Qf4+ Ke7 35. Qe5 Rxc3 36. Qg7+ Rf7 37. Qg8 Rc1+ 38. Kg2 Rc2 39. Qb8 Rcxf2+ 40. Kg1 Rc2 41. Qb4+ Kf6 42. Qxa4 Rc1+ 43. Kg2 Kg5 44. Qe8 Rc2+ 45. Kg1 Rb7 46. Qd8+ Kxg4 0-1

[Event "FIDE WRBTC Blitz-Pool 2024"]
[Site "Astana"]
[Date "2024.08.05"]
[Round "2.10"]
[White "Mazhkenov, Alisher"]
[Black "Savitskiy, Vladimir"]
[Result "0-1"]
[WhiteElo "2118"]
[BlackElo "1893"]
[Annotator "ChessBase"]
[PlyCount "66"]
[EventDate "2024.08.01"]
[EventType "team-tourn"]
[EventCountry "KAZ"]
[SourceTitle "playchess.com"]
[Source "ChessBase"]
[SourceQuality "1"]

1. e4 c5 2. Nf3 a6 3. g3 d6 4. Bg2 g6 5. O-O Bg7 6. d4 cxd4 7. Nxd4 Nf6 8. Nc3 O-O 9. h3 Nbd7 10. Be3 Ne5 11. b3 Bd7 12. Qd2 Rc8 13. f4 Nc6 14. Rac1 Qc7 15. Rfd1 Nxd4 16. Bxd4 e5 17. Be3 Qxc3 18. Qf2 Qc6 19. fxe5 dxe5 20. Bg5 h6 21. Bxf6 Bxf6 22. Rxd7 Qxd7 23. Qxf6 Qd2 24. Qf1 Rxc2 25. Rd1 Qe3+ 26. Kh2 Qxe4 27. Rd7 Qe2 28. Qg1 b5 29. Kh1 Rxa2 30. Bd5 Rd2 31. Rd6 Rd1 32. Bxf7+ Rxf7 33. Qxd1 Rf1+ 0-1

[Event "FIDE WRBTC Blitz-Pool 2024"]
[Site "Astana"]
[Date "2024.08.05"]
[Round "2.10"]
[White "Zlotnik, Andrey"]
[Black "Wong, Zhenyong Jayden"]
[Result "0-1"]
[WhiteElo "2096"]
[BlackElo "2397"]
[Annotator "ChessBase"]
[PlyCount "113"]
[EventDate "2024.08.01"]
[EventType "team-tourn"]
[EventCountry "KAZ"]
[SourceTitle "playchess.com"]
[Source "ChessBase"]
[SourceQuality "1"]

1. d4 Nf6 2. Nc3 d5 3. Bf4 g6 4. e3 Bg7 5. h4 O-O 6. h5 c5 7. hxg6 hxg6 8. Nf3 Nc6 9. Ne5 Ne4 10. Nxe4 dxe4 11. Nxc6 bxc6 12. c3 Qb6 13. Qb3 Be6 14. Qa3 cxd4 15. exd4 Rfe8 16. Be3 Qc7 17. Qc5 Bf6 18. Bg5 Rab8 19. b3 Qb6 20. Qxb6 axb6 21. Bf4 Ra8 22. Bc4 Bxc4 23. bxc4 c5 24. Be3 Red8 25. O-O cxd4 26. cxd4 Bxd4 27. Rab1 Bxe3 28. fxe3 Rxa2 29. Rf2 Rxf2 30. Kxf2 Rc8 31. Rb4 Kg7 32. Kg3 g5 33. Kg4 Kg6 34. Rxb6+ e6 35. Rb4 f5+ 36. Kg3 Kf6 37. Kf2 Rc5 38. Ke2 f4 39. Kd2 Ra5 40. Rb2 Rc5 41. Rc2 Kf5 42. Kc3 e5 43. Kb4 Rc8 44. c5 f3 45. Kc4 g4 46. g3 Rd8 47. c6 Ke6 48. Kc5 Rd3 49. Rb2 Rxe3 50. c7 Rc3+ 51. Kb6 e3 52. Kb7 Rxc7+ 53. Kxc7 e2 54. Rb6+ Kf5 55. Kd7 e1=Q 56. Ke7 f2 57. Rf6+ 0-1

[Event "FIDE WRBTC Blitz-Pool 2024"]
[Site "Astana"]
[Date "2024.08.05"]
[Round "2.10"]
[White "Tulekenova, Aiza"]
[Black "Mamedov, Edgar"]
[Result "0-1"]
[WhiteElo "1581"]
[BlackElo "2443"]
[Annotator "ChessBase"]
[PlyCount "50"]
[EventDate "2024.08.01"]
[EventType "team-tourn"]
[EventCountry "KAZ"]
[SourceTitle "playchess.com"]
[Source "ChessBase"]
[SourceQuality "1"]

1. e4 c5 2. Nf3 Nc6 3. d4 cxd4 4. Nxd4 Nf6 5. Nc3 e6 6. Be2 Bb4 7. O-O d6 8. f3 Nxd4 9. Qd3 Nxe2+ 10. Nxe2 O-O 11. Be3 Bc5 12. Kh1 Bxe3 13. Qxe3 Qb6 14. Qa3 Qc5 15. Qd3 Bd7 16. c3 Bb5 17. Qd2 Rad8 18. Nd4 Bxf1 19. Rxf1 Nd7 20. b4 Qe5 21. a4 d5 22. exd5 Qxd5 23. Qe3 Nb6 24. a5 Nc4 25. Qg5 Qxg5 0-1

[Event "FIDE WRBTC Blitz-Pool 2024"]
[Site "Astana"]
[Date "2024.08.05"]
[Round "2.11"]
[White "Balabayeva, Xeniya"]
[Black "Niyazbek, Nurtileu"]
[Result "1-0"]
[WhiteElo "2335"]
[BlackElo "1578"]
[Annotator "ChessBase"]
[PlyCount "77"]
[EventDate "2024.08.01"]
[EventType "team-tourn"]
[EventCountry "KAZ"]
[SourceTitle "playchess.com"]
[Source "ChessBase"]
[SourceQuality "1"]

1. e4 c6 2. d4 d5 3. Nd2 g6 4. Ngf3 Bg7 5. exd5 cxd5 6. Bd3 Nf6 7. c3 Nc6 8. O-O O-O 9. Re1 Re8 10. Nf1 Bg4 11. Bf4 Nh5 12. Be3 a6 13. Be2 Qb6 14. Qd2 Na5 15. b3 Rac8 16. Rac1 Nf6 17. Ng3 h5 18. h3 Bxf3 19. Bxf3 h4 20. Ne2 Ne4 21. Bxe4 dxe4 22. c4 Qd8 23. d5 Be5 24. Bd4 Bxd4 25. Qxd4 f5 26. Qe5 Qd6 27. Qb2 b6 28. Nd4 Nb7 29. Ne6 Qxe6 30. dxe6 Nc5 31. Qc3 Nd3 32. Red1 b5 33. Rxd3 exd3 34. Qxd3 bxc4 35. Rxc4 Rcd8 36. Rd4 Rc8 37. Rxh4 Kg7 38. Qd4+ Kg8 39. Qh8# 1-0

[Event "FIDE WRBTC Blitz-Pool 2024"]
[Site "Astana"]
[Date "2024.08.05"]
[Round "2.11"]
[White "Gong, Qianyun"]
[Black "Samaganova, Aleksandra"]
[Result "1-0"]
[WhiteElo "2250"]
[BlackElo "1948"]
[Annotator "ChessBase"]
[PlyCount "81"]
[EventDate "2024.08.01"]
[EventType "team-tourn"]
[EventCountry "KAZ"]
[SourceTitle "playchess.com"]
[Source "ChessBase"]
[SourceQuality "1"]

1. e4 e6 2. d3 d5 3. Nd2 c5 4. Ngf3 Nc6 5. g3 g6 6. Bg2 Bg7 7. O-O Nge7 8. Re1 O-O 9. c3 Rb8 10. a4 a6 11. Qc2 b5 12. axb5 axb5 13. Nf1 b4 14. Bf4 Rb6 15. h4 Ba6 16. e5 Qc7 17. Qd2 Rfb8 18. g4 bxc3 19. bxc3 Rb2 20. Qe3 d4 21. cxd4 Nd5 22. Qc1 Bxd3 23. Bh6 Rc2 24. Qd1 Bxh6 25. Qxd3 Ncb4 26. Qa3 Nf4 27. Ne3 Nxg2 28. Kxg2 Bxe3 29. Qxe3 Nd5 30. Qg5 cxd4 31. Nxd4 Qb7 32. Kg1 Rc4 33. Red1 Nc3 34. Rd3 Rxd4 35. Rxc3 Rd5 36. Rac1 Rbd8 37. Kh2 Rd2 38. Qf4 Rd1 39. Rxd1 Rxd1 40. Rf3 Rd8 41. h5 1-0

[Event "FIDE WRBTC Blitz-Pool 2024"]
[Site "Astana"]
[Date "2024.08.05"]
[Round "2.11"]
[White "Amangeldinov, Alkey"]
[Black "Tokbayev, Anuar"]
[Result "0-1"]
[WhiteElo "1721"]
[BlackElo "1880"]
[Annotator "NA"]
[PlyCount "60"]
[EventDate "2024.08.01"]
[EventType "team-tourn"]
[EventCountry "KAZ"]
[SourceTitle "playchess.com"]
[Source "ChessBase"]
[SourceQuality "1"]

1. d4 d5 2. c4 e6 3. Nf3 Nf6 4. g3 dxc4 5. Bg2 Nc6 6. O-O Rb8 7. a4 b6 8. e3 Be7 9. Qe2 Ba6 10. Nbd2 O-O 11. Nxc4 Na5 12. Nfd2 Nd5 13. b3 Bb4 14. Rd1 Bxd2 15. Bxd2 Nxb3 16. Rab1 Nxd2 17. Rxd2 Nc3 18. Qd3 Nxb1 19. Rb2 Na3 20. Qxa3 Bxc4 21. Rc2 Bd5 22. Bf1 Qd6 23. Qc3 c5 24. dxc5 bxc5 25. Bb5 a6 26. Bc4 Rb1+ 27. Rc1 Rxc1+ 28. Qxc1 Bxc4 29. Qxc4 Qd1+ 30. Kg2 Qd5+ 0-1

[Event "FIDE WRBTC Blitz-Pool 2024"]
[Site "Astana"]
[Date "2024.08.05"]
[Round "2.12"]
[White "Altynbek, Aiaru"]
[Black "Kazhiakhmetova, Yerkenaz"]
[Result "1-0"]
[WhiteElo "1990"]
[BlackElo "1602"]
[Annotator "ChessBase"]
[PlyCount "83"]
[EventDate "2024.08.01"]
[EventType "team-tourn"]
[EventCountry "KAZ"]
[SourceTitle "playchess.com"]
[Source "ChessBase"]
[SourceQuality "1"]

1. d4 Nf6 2. c4 c6 3. Nf3 d5 4. cxd5 cxd5 5. Nc3 Nc6 6. Bf4 e6 7. e3 Bd6 8. Bxd6 Qxd6 9. Bd3 O-O 10. O-O Rb8 11. Rc1 e5 12. dxe5 Nxe5 13. Nxe5 Qxe5 14. Be2 Be6 15. Nb5 a6 16. Nd4 Rfd8 17. Qb3 Ne4 18. Rc2 Bf5 19. Nxf5 Qxf5 20. Bd3 Qe5 21. Rfc1 Nf6 22. Be2 d4 23. exd4 Qxd4 24. Bf3 Re8 25. h3 b5 26. Rc7 Rf8 27. Rd1 Qe5 28. Qc2 a5 29. Rc5 Qe8 30. Rc1 a4 31. a3 Qd7 32. Rc7 Qd6 33. Rc6 Qe5 34. Rc5 Qe8 35. Qd3 Qe6 36. Rxb5 Rbd8 37. Qc2 Rc8 38. Rc5 Rcd8 39. Rc6 Qd7 40. Qxa4 Ra8 41. Qc2 Rfb8 42. Rc7 1-0

[Event "FIDE WRBTC Blitz-Pool 2024"]
[Site "Astana"]
[Date "2024.08.05"]
[Round "2.12"]
[White "Tynybekov, Bakyt"]
[Black "Zhang, Changjie"]
[Result "1-0"]
[WhiteElo "1795"]
[BlackElo "1809"]
[Annotator "NA"]
[PlyCount "85"]
[EventDate "2024.08.01"]
[EventType "team-tourn"]
[EventCountry "KAZ"]
[SourceTitle "playchess.com"]
[Source "ChessBase"]
[SourceQuality "1"]

1. b3 e6 2. Bb2 d5 3. f4 c5 4. Nf3 Nc6 5. g3 Nf6 6. Bg2 Be7 7. O-O O-O 8. e3 Re8 9. Qe2 b6 10. d3 Bb7 11. Nbd2 Rc8 12. c4 d4 13. exd4 Nxd4 14. Bxd4 cxd4 15. Ne5 Bxg2 16. Kxg2 Nd7 17. Ndf3 Nxe5 18. Qxe5 Bf6 19. Qe4 Qd6 20. g4 g6 21. Rae1 Qa3 22. Re2 Rcd8 23. h4 Qc5 24. g5 Bg7 25. Ne5 Bxe5 26. fxe5 b5 27. h5 bxc4 28. bxc4 Qe7 29. Qf4 Rd7 30. Kg3 Rb8 31. hxg6 hxg6 32. Rh2 Kg7 33. Rfh1 Rg8 34. Rh7+ Kf8 35. Kg4 Rb7 36. Rf1 Rg7 37. Rh8+ Rg8 38. Rh7 Rg7 39. Rxg7 Kxg7 40. Rh1 Rb2 41. Qg3 Rb8 42. Qh4 Rg8 43. Qh6# 1-0

[Event "FIDE WRBTC Blitz-Pool 2024"]
[Site "Astana"]
[Date "2024.08.05"]
[Round "2.12"]
[White "Serikov, Merey"]
[Black "Fedorov, Grigory"]
[Result "0-1"]
[WhiteElo "1616"]
[BlackElo "1904"]
[Annotator "ChessBase"]
[PlyCount "70"]
[EventDate "2024.08.01"]
[EventType "team-tourn"]
[EventCountry "KAZ"]
[SourceTitle "playchess.com"]
[Source "ChessBase"]
[SourceQuality "1"]

1. d4 Nf6 2. c4 g6 3. Nc3 Bg7 4. e4 d6 5. Nf3 O-O 6. Be2 Nbd7 7. Be3 e5 8. d5 Ng4 9. Bg5 f6 10. Bd2 f5 11. Ng5 Nc5 12. f3 f4 13. Nh3 Qh4+ 14. Kf1 Ne3+ 15. Bxe3 fxe3 16. Qe1 Qe7 17. b4 Na6 18. a3 Bxh3 19. gxh3 c5 20. b5 Nc7 21. Qg3 Ne8 22. Kg2 Nf6 23. Rhf1 Nh5 24. Qe1 Nf4+ 25. Kh1 Nxh3 26. Nd1 Bh6 27. Qg3 Nf4 28. Re1 Bg5 29. Nxe3 Bh4 30. Qg4 Bf2 31. Nf5 Rxf5 32. exf5 h5 33. f6 Qxf6 34. Qd7 Qg5 35. Bf1 Qg1# 0-1

[Event "FIDE WRBTC Blitz-Pool 2024"]
[Site "Astana"]
[Date "2024.08.05"]
[Round "2.13"]
[White "Niemann, Hans Moke"]
[Black "Kazakov, Konstantin"]
[Result "1-0"]
[WhiteElo "2711"]
[BlackElo "2333"]
[Annotator "ChessBase"]
[PlyCount "59"]
[EventDate "2024.08.01"]
[EventType "team-tourn"]
[EventCountry "KAZ"]
[SourceTitle "playchess.com"]
[Source "ChessBase"]
[SourceQuality "1"]

1. e4 c5 2. Nf3 e6 3. b3 Nc6 4. Bb2 a6 5. c4 Nf6 6. e5 Ng4 7. g3 d6 8. exd6 Qxd6 9. Bg2 f6 10. O-O e5 11. Nc3 Be7 12. Nd5 Be6 13. Nh4 Nh6 14. f4 O-O 15. Qe2 Nf7 16. Rae1 Rfe8 17. Be4 Nh6 18. fxe5 Nxe5 19. Bxe5 Qxe5 20. Bxh7+ Kxh7 21. Qd3+ Kg8 22. Rxe5 fxe5 23. Nc7 Rad8 24. Qe4 Bxh4 25. Nxe8 Rxe8 26. Qxh4 b5 27. Qe4 bxc4 28. bxc4 Ng4 29. Qg6 Re7 30. Rb1 1-0

[Event "FIDE WRBTC Blitz-Pool 2024"]
[Site "Astana"]
[Date "2024.08.05"]
[Round "2.13"]
[White "Sychev, Klementy"]
[Black "Saduakassov, Duman"]
[Result "1-0"]
[WhiteElo "2531"]
[BlackElo "1842"]
[Annotator "ChessBase"]
[PlyCount "55"]
[EventDate "2024.08.01"]
[EventType "team-tourn"]
[EventCountry "KAZ"]
[SourceTitle "playchess.com"]
[Source "ChessBase"]
[SourceQuality "1"]

1. e4 c5 2. Nf3 d6 3. d4 cxd4 4. Nxd4 Nf6 5. Nc3 a6 6. Bd3 e5 7. Nde2 Be7 8. O-O O-O 9. Ng3 Nc6 10. Nd5 Be6 11. c3 Kh8 12. Bc2 Bxd5 13. exd5 Nb8 14. Nf5 Re8 15. Bg5 Nbd7 16. c4 Nf8 17. c5 Ng6 18. Bxf6 gxf6 19. c6 bxc6 20. dxc6 Bf8 21. Rc1 Rc8 22. Bb3 Rc7 23. g3 Re6 24. h4 Ne7 25. Bxe6 fxe6 26. Nxd6 Kg8 27. Qg4+ Bg7 28. Qxe6+ 1-0

[Event "FIDE WRBTC Blitz-Pool 2024"]
[Site "Astana"]
[Date "2024.08.05"]
[Round "2.13"]
[White "Bolat, Inayat"]
[Black "Khusnutdinov, Rustam"]
[Result "0-1"]
[WhiteElo "2264"]
[BlackElo "2429"]
[Annotator "ChessBase"]
[PlyCount "78"]
[EventDate "2024.08.01"]
[EventType "team-tourn"]
[EventCountry "KAZ"]
[SourceTitle "playchess.com"]
[Source "ChessBase"]
[SourceQuality "1"]

1. e4 d5 2. exd5 Qxd5 3. Nc3 Qa5 4. d4 Nf6 5. Nf3 Bf5 6. Bd2 e6 7. Bc4 Bb4 8. a3 Bxc3 9. Bxc3 Qb6 10. Qe2 O-O 11. Ne5 Nc6 12. Nxc6 Qxc6 13. f3 Nd5 14. Bd2 Bxc2 15. Rc1 Bg6 16. h4 h5 17. Qf2 Qb6 18. O-O Rad8 19. b4 Ne7 20. Bc3 Nf5 21. Rfd1 Rd7 22. d5 Ne3 23. Bd4 Nxd1 24. Rxd1 Qd6 25. dxe6 fxe6 26. Bb3 Qe7 27. Qe2 Kh7 28. Bc5 Rxd1+ 29. Bxd1 Qf6 30. Bxf8 Qxf8 31. Qxe6 Qf4 32. Qe1 Qc1 33. a4 c5 34. Kh2 Qf4+ 35. g3 Qxb4 36. Qe5 Qd2+ 37. Be2 c4 38. g4 c3 39. gxh5 Bd3 0-1

[Event "FIDE WRBTC Blitz-Pool 2024"]
[Site "Astana"]
[Date "2024.08.05"]
[Round "2.14"]
[White "Gubaydulin, Talgat"]
[Black "Ten, Viktor"]
[Result "0-1"]
[WhiteElo "2385"]
[BlackElo "2236"]
[Annotator "ChessBase"]
[PlyCount "83"]
[EventDate "2024.08.01"]
[EventType "team-tourn"]
[EventCountry "KAZ"]
[SourceTitle "playchess.com"]
[Source "ChessBase"]
[SourceQuality "1"]

1. d4 Nf6 2. c4 d6 3. Nc3 e5 4. Nf3 Nc6 5. d5 Ne7 6. e4 h6 7. g3 g6 8. Bg2 Bg7 9. O-O O-O 10. Ne1 c6 11. Nd3 a5 12. a3 h5 13. h3 h4 14. g4 Nh7 15. f4 exf4 16. Bxf4 g5 17. Bh2 Ng6 18. dxc6 bxc6 19. e5 dxe5 20. Qe2 Nf4 21. Nxf4 exf4 22. Ne4 Be6 23. Kh1 Qd4 24. b3 a4 25. Rad1 Qb2 26. Qxb2 Bxb2 27. bxa4 Rxa4 28. Nd6 Rxa3 29. Bxc6 Rxh3 30. Bg2 Ra3 31. c5 Be5 32. Bf3 Rxf3 33. Rxf3 Bxg4 34. Kg2 h3+ 35. Kf2 Bxf3 36. Kxf3 f5 37. c6 Bxd6 38. Rxd6 Rc8 39. Bg1 Kf7 40. Rd7+ Ke6 41. Rxh7 Rxc6 42. Rh6+ 0-1